000 00688nam a2200253 i 4500
001 C2-0128970
003 PPAK
005 20180727121018.0
008 970928s1993 ilua|||| ||||| | eng d
020 _a0873223977
040 _aPPAK
_beng
_cPPAK
_erda
082 0 4 _a796.33426
_223
090 0 0 _a796.33426
_bLUX
_dR
100 1 _aLuxbacher, Joseph A.,
_eauthor
245 1 4 _aThe soccer goalkeeper
264 1 _aIllinois :
_bHuman Kinetics ,
_c1993
300 _axii, 64 pages :
_billustrations ;
_c23 cm
336 _2rdacontent
_atext
337 _2rdamedia
_aunmediated
338 _2rdacarrier
_avolume
650 1 0 _aSoccer - Goalkeeping
700 _eauthor
942 _ddc
_cB
999 _c39118
_d39118